| 000 | 01829nam a2200457 i 4500 | ||
|---|---|---|---|
| 001 | 193102 | ||
| 003 | SpMaBN | ||
| 005 | 20250809015523.0 | ||
| 007 | ta | ||
| 008 | 230728m1991 sp | 000 0 spa | ||
| 016 | 7 |
_abimoBNE19920267948 _2SpMaBN |
|
| 017 |
_aM 40476-1991 _bOficina Depósito Legal Madrid |
||
| 017 |
_aM 35020-1991 _bOficina Depósito Legal Madrid |
||
| 017 |
_aM 39941-1991 _bOficina Depósito Legal Madrid |
||
| 020 | _a8488030096 (v.1) | ||
| 020 | _a8488030126 (vol. 2) | ||
| 020 | _a8488030118 (v.3) | ||
| 035 | _a(OCoLC)644684555 | ||
| 035 | _abimo0000134421 | ||
| 040 |
_aSpMaBN _bspa _cSpMaBN _erdc _dEs-MaACL |
||
| 080 | _a34(460)(091)(075.8) | ||
| 100 | 1 |
_aMontanos Ferrín, Emma _0XX927332 _9233956 |
|
| 245 | 1 | 0 |
_aHistoria del derecho y de las instituciones / _cEmma Montanos Ferrín, José Sánchez-Arcilla |
| 260 |
_aMadrid : _bDykinson, _c1991 |
||
| 300 |
_a3 v. ; _c22 cm |
||
| 336 |
_2rdacontent _aTexto |
||
| 337 |
_2rdamedia _asin mediación |
||
| 338 |
_2rdacarrier _avolumen |
||
| 500 | _aÍndices | ||
| 650 | 4 |
_aDerecho- _zEspaña- _vHistoria _911614 |
|
| 700 | 0 |
_aSánchez-Arcilla, José, _d1952- _9102467 |
|
| 852 |
_aES-MaACL _bR.154524 _cDEPOJ _jN-9133 _hDonación: Rafael Tortosa _pV. I _xRústica con solapas _9200410 |
||
| 852 |
_aES-MaACL _bR. 154524 _cDEPOJ _jN-9134 _hDonación: Rafael Tortosa _pV. II _xRústica con solapas _9200411 |
||
| 852 |
_aES-MaACL _bR. 154524 _cDEPOJ _jN-9135 _hDonación: Rafael Tortosa _pV. III _xRústica con solapas _9200412 |
||
| 903 |
_aTortosa Mondéjar, Rafael _ednr _9111087 |
||
| 942 |
_n0 _cMONOGRAFIA |
||
| 999 |
_c193102 _d193102 |
||